|
|
|
|
| LEADER |
00000nam0a2200000 4500 |
| 001 |
121858 |
| 005 |
20231101215715.0 |
| 010 |
|
|
|a 5877481533
|
| 035 |
|
|
|a (RuTPU)RU\TPU\book\131965
|
| 035 |
|
|
|a RU\TPU\book\131957
|
| 090 |
|
|
|a 121858
|
| 100 |
|
|
|a 20070921d1993 m y0rusy50 ca
|
| 101 |
1 |
|
|a rus
|c fre
|
| 102 |
|
|
|a RU
|
| 105 |
|
|
|a y z 001ay
|
| 200 |
0 |
|
|a Т. 2: Человеческая комедия. Этюды о нравах
|e сцены частной жизни
|
| 210 |
|
|
|d 1993
|
| 215 |
|
|
|a 576 с.
|
| 320 |
|
|
|a Комментарии: с. 561-572.
|
| 461 |
|
|
|t Собрание сочинений
|o в 12 т.
|f О. де Бальзак
|v Т. 2: Человеческая комедия. Этюды о нравах
|d 1993-
|
| 464 |
|
|
|t Отец Горио
|
| 464 |
|
|
|t Беатриса
|o романы
|
| 606 |
1 |
|
|a Французская литература
|x Произведения
|2 stltpush
|3 (RuTPU)RU\TPU\subj\64346
|9 81252
|
| 610 |
1 |
|
|a художественная литература
|
| 610 |
1 |
|
|a романы
|
| 675 |
|
|
|a 84
|v 3
|
| 801 |
|
1 |
|a RU
|b 63413507
|c 20070921
|g PSBO
|
| 801 |
|
2 |
|a RU
|b 63413507
|c 20221006
|g PSBO
|
| 942 |
|
|
|c BK
|